Richelieu et la monarchie absolue / (Record no. 26617)

MARC details
000 -LEADER
campo de control de longitud fija 01216nam a2200265 i 4500
001 - NÚMERO DE CONTROL
campo de control 26617
003 - IDENTIFICADOR DE NÚMERO DE CONTROL
campo de control ES-MaACL
005 - FECHA Y HORA DE LA ÚLTIMA TRANSACCIÓN
campo de control 20250810063023.0
007 - CAMPO FIJO DE DESCRIPCIÓN FÍSICA--INFORMACIÓN GENERAL
campo de control de longitud fija t|
008 - DATOS DE LONGITUD FIJA--INFORMACIÓN GENERAL
campo de control de longitud fija 030109s18841890fr ||||1| fre d
080 ## - NÚMERO DE LA CLASIFICACIÓN DECIMAL UNIVERSAL
Número de la Clasificación Decimal Universal 929 Richelieu, Armand Jean du Plessis, duc de
080 ## - NÚMERO DE LA CLASIFICACIÓN DECIMAL UNIVERSAL
Número de la Clasificación Decimal Universal 94(44)"1610/43"
100 1# - ENTRADA PRINCIPAL--NOMBRE DE PERSONA
Nombre de persona Avenel, Georges d',
Fechas asociadas al nombre 1855-1939
Término indicativo de función/relación Autor
9 (RLIN) 24019
245 10 - MENCIÓN DEL TÍTULO
Título Richelieu et la monarchie absolue /
Mención de responsabilidad, etc. par le Vicomte Georges d'Avenel
260 ## - PUBLICACIÓN, DISTRIBUCIÓN, ETC.
Lugar de publicación, distribución, etc. Paris :
Nombre del editor, distribuidor, etc. Plon, Nourrit et Cie,
Fecha de publicación, distribución, etc. 1884-1890
300 ## - DESCRIPCIÓN FÍSICA
Extensión 4 volúmenes ;
Dimensiones 23 cm
505 0# - NOTA DE CONTENIDO CON FORMATO
Nota de contenido con formato Vol. 1. Le roi et la constitution; La noblesse et sa décadence - v. 2. La noblesse et sa décadence (suite); Administration générale, finances - v. 3. Administration générale (suite); Armée, marine et colonies, cultes, justice - v. 4. Administration générale, justice (suite et fin); Administration provinciale et communale
600 14 - PUNTO DE ACCESO ADICIONAL DE MATERIA--NOMBRE DE PERSONA
Nombre de persona Richelieu, Armand Jean du Plessis,
Títulos y otros términos asociados al nombre duc de,
Fechas asociadas al nombre 1585-1642
9 (RLIN) 96947
650 #4 - PUNTO DE ACCESO ADICIONAL DE MATERIA--TÉRMINO DE MATERIA
Término de materia o nombre geográfico como elemento de entrada Nobleza-
Subdivisión geográfica Francia
9 (RLIN) 161972
651 #4 - PUNTO DE ACCESO ADICIONAL DE MATERIA--NOMBRE GEOGRÁFICO
Nombre geográfico Francia-
Subdivisión general Historia-
Subdivisión cronológica 1610-1643, Luis XIII
9 (RLIN) 161635
852 ## - LOCALIZACIÓN
Ubicación ES-MaACL
Ubicación en estantería Depósito 2
Número de control de estantería G-2666-69
942 ## - ELEMENTOS DE ENTRADA SECUNDARIOS (KOHA)
Fuente del sistema de clasificación o colocación Clasificación decimal universal
Tipo de ítem Koha Libro impreso antiguo
Suprimir en OPAC No
Holdings
Estatus retirado Estado de pérdida Estado de daño No para préstamo Colección Biblioteca de origen Biblioteca actual Ubicación en estantería Fecha de adquisición Fuente de adquisición Total de préstamos Signatura topográfica completa Código de barras Visto por última vez Precio de reemplazo Tipo de ítem Koha
        Libros del s. XIX Biblioteca del Ateneo de Madrid Biblioteca del Ateneo de Madrid Depósito 2 17/01/2008     G-2666-69 1027468 23/02/2023 23/02/2023 Libro impreso antiguo